| 000 | 00360nam a22001337a 4500 | ||
|---|---|---|---|
| 082 |
_a658 _bYAT _cL-2, P-7 |
||
| 100 |
_aYates, M.L _944717 |
||
| 245 |
_aChart aids to management / _cM.L Yates |
||
| 260 |
_aWashington : _bEmmott & Co Limited, _c1944. |
||
| 300 | _a50 p. : | ||
| 526 |
_a0 _b0 _c0 _d658_000000000000000_YAT |
||
| 650 |
_aMCE _9379 |
||
| 942 |
_2ddc _cBK |
||
| 999 |
_c548425 _d548425 |
||